| 000 | 01415nam0a2200313 4500 | ||
|---|---|---|---|
| 001 | RU\NLR\BIBL_A\011765412 | ||
| 005 | 20180820151722.0 | ||
| 010 |
_a978-5-88010-519-9 _9100 |
||
| 021 |
_aRU _bКН-П-18-3511 _9КН-П-18-048602 |
||
| 035 | _a(NLR Aleph) 011765412 | ||
| 035 | _a(RuMoRGB)009677826 | ||
| 090 |
_a11698804 _c11698804 |
||
| 100 | _a20180807d2018 u y0rusy50 ca | ||
| 101 | 0 | _arus | |
| 102 | _aRU | ||
| 105 | _aac z 000gy | ||
| 200 | 1 |
_aМы путники _eизбранные стихотворения _fВладимир Подгорнов |
|
| 210 |
_aМосква _cИТРК _d2018 |
||
| 215 |
_a159 с. _cпортр. _d22 |
||
| 327 | 1 | _aСодерж.: циклы: Стихи 1950-1960 (Херсон - Одесса); Стихи 1960-1970 (Никель, Москва, Мурманск); Стихи 1970-1990 (Москва); Лица и голоса; Моей Эмайн; Цыганское; Баллады и шванки; Этюды; Отрывок из письма Подгорнова В.Н. Григорию Яковлевичу Бакланову; Письмо Иосифу Бродскому | |
| 333 | _a16+ | ||
| 686 | 2 | _aШ6(2=Р)75-5 | |
| 700 | 1 |
_aПодгорнов _bВ. Н. _gВладимир Николаевич |
|
| 942 | _cBOOK | ||
| 980 | _aNBR | ||
| 980 | _aNB | ||